| 000 | 00833cam a2200265 a 4500 | ||
|---|---|---|---|
| 008 | |||
| 020 | _a0262730693 (pbk. : v. 1) | ||
| 090 | _aNA705 WHI | ||
| 100 | 1 | _aWhiffen, Marcus. | |
| 240 | 1 | 0 | _aAmerican architecture, 1607-1860 |
| 245 | 1 | 0 |
_aAmerican architecture / _cMarcus Whiffen and Frederick Koeper. |
| 260 |
_aCambridge : _bMIT Press, _c1983. |
||
| 300 |
_axv, 204 p. : _bill. ; _c26 cm. |
||
| 500 | _aOriginally published: American architecture, 1607-1976. | ||
| 500 | _aIncludes index. | ||
| 504 | _aIncludes bibliographical references. | ||
| 650 | 0 |
_aArchitecture _zUnited States. |
|
| 700 | 1 | _aKoeper, Frederick. | |
| 907 |
_a.b10187194 _b16-04-07 _c24-01-06 |
||
| 003 | |||
| 005 | 20230123134145.0 | ||
| 040 | _cNUST | ||
| 049 | _aMAIN | ||
| 942 |
_cBOOKS _kNA705 WHI |
||
| 999 |
_c161024 _d161024 |
||